000 00626nam a2200241Ia 4500
003 OSt
005 20221007111316.0
006 a|||||r|||| 00| 0
007 ta
008 221006b |||||||| |||| 00| 0 eng d
024 _a23,192
037 _cTextual
040 _aLCO
_cLCO
_beng
041 _2eng
_aeng
082 _aZ2,218, N2
100 _aLeelakrishnan P. Ed.
_9294618
245 0 _aLaw and Environment
260 _aLucknow
_bEastern Book Company India
_c1992
300 _a315
650 _aENVIRONMENT
942 _hZ2,218, N2
_cTEXL
999 _c1192755
_d1192755